000 00561nam a2200193Ia 4500
005 20250507130236.0
008 008 250505s9999 xx 000 0 eng d
037 _aSeries Article
040 _aEASL
_beng
_cEASL
041 _aeng
_2eng
084 _qEASL
100 _aWang Danning
_9669039
245 0 _aIntergenerational transmission of family property and family management in urban china
260 _aUK
_bUK Cambridge Univesity Press UK
_c2010
300 _a960-979
650 _aChina
942 _cSRA
999 _c1318517
_d1318517